Southville International School and Colleges
Your cart is empty.
  • Cart
  • Lists
    Public lists Eva Luna New books Lux_list list_1
    Your lists Log in to create your own lists
  • Log in to your account
  • Your cookies
  • Search history
Southville International School and Colleges
  • Advanced search
  • Recent comments
  • Most popular
  • Libraries

Log in to your account

Log in with GOOGLE


If you do not have an external account, but do have a local account, you can still log in:

  1. Home
  2. MARC view: Irreverent photo tools for digital photographers /
Normal view MARC view ISBD view

Irreverent photo tools for digital photographers / (Record no. 115705)

[ view plain ]
MARC details
000 -LEADER
fixed length control field 00691nam a2200205Ia 4500
008 - FIXED-LENGTH DATA ELEMENTS--GENERAL INFORMATION
fixed length control field 140429s9999 xx 000 0 und d
020 ## - INTERNATIONAL STANDARD BOOK NUMBER
International Standard Book Number 9781598639957
050 ## - LIBRARY OF CONGRESS CALL NUMBER
Classification number TR 267
Item number .W44 2010
100 ## - MAIN ENTRY--PERSONAL NAME
Personal name Weinrebe, Steve
245 ## - TITLE STATEMENT
Title Irreverent photo tools for digital photographers /
Statement of responsibility, etc Steve Weinrebe.
260 ## - PUBLICATION, DISTRIBUTION, ETC. (IMPRINT)
Place of publication, distribution, etc Massachusetts :
Name of publisher, distributor, etc Course Technology Cengage learning,
Date of publication, distribution, etc c2010.
300 ## - PHYSICAL DESCRIPTION
Extent 285 p. :
Other physical details col. ill. ;
Dimensions 24 cm.
500 ## - GENERAL NOTE
General note Includes index.
521 ## - TARGET AUDIENCE NOTE
Target audience note
650 ## - SUBJECT ADDED ENTRY--TOPICAL TERM
Topical term or geographic name as entry element Digital cameras
General subdivision Equipment and supplies.
650 ## - SUBJECT ADDED ENTRY--TOPICAL TERM
Topical term or geographic name as entry element Photography
General subdivision Digital techniques --Equipment and supplies.
650 ## - SUBJECT ADDED ENTRY--TOPICAL TERM
Topical term or geographic name as entry element Photography
General subdivision Digital techniques.
942 ## - ADDED ENTRY ELEMENTS (KOHA)
Call number prefix Foreign
Koha item type Books
Holdings
Withdrawn status Lost status Source of classification or shelving scheme Damaged status Home library Current library Shelving location Date acquired Source of acquisition Total Checkouts Full call number Barcode Date last seen Price effective from Koha item type
    Library of Congress Classification   College Library College Library General Circulation Section 04/29/2014 Library Fund   TR 267 .W44 2010 C16883 05/15/2018 04/29/2014 Books

Irreverent photo tools for digital photographers /

APA

Weinrebe S., . (2010). Irreverent photo tools for digital photographers. Massachusetts: Course Technology Cengage learning.

Chicago

Weinrebe Steve, . 2010. Irreverent photo tools for digital photographers. Massachusetts: Course Technology Cengage learning.

Harvard

Weinrebe S., . (2010). Irreverent photo tools for digital photographers. Massachusetts: Course Technology Cengage learning.

MLA

Weinrebe Steve, . Irreverent photo tools for digital photographers. Massachusetts: Course Technology Cengage learning. 2010.

  • Place hold
  • Print
  • Cite
  • Add to your cart (remove)
  • Save record
    BIBTEX Dublin Core MARCXML MARC (non-Unicode/MARC-8) MARC (Unicode/UTF-8) MARC (Unicode/UTF-8, Standard) MODS (XML) RIS
  • More searches
    Search for this title in:
    Other Libraries (WorldCat) Other Databases (Google Scholar) Online Stores (Bookfinder.com) Open Library (openlibrary.org)

Exporting to Dublin Core...

SOUTHVILLE LIBRARY

Southville International School and Colleges Library

1281 Tropical Ave. Cor. Luxembourg St., BF Homes International, Las Pinas City

Tel. No. 8256374 / 252358 Loc. 117/146

Powered by Koha